Human Rights Act 1998 - implications for planning (Record no. 65242)

MARC details
000 -LEADER
fixed length control field 01014cam a2200217 4500
001 - CONTROL NUMBER
control field ABS63211
008 - FIXED-LENGTH DATA ELEMENTS--GENERAL INFORMATION
fixed length control field 000000n2000 000 0 eng u
035 ## - SYSTEM CONTROL NUMBER
System control number (Sirsi) u109308
100 ## - MAIN ENTRY--PERSONAL NAME
Personal name Pritchard, B
245 ## - TITLE STATEMENT
Title Human Rights Act 1998 - implications for planning
260 ## - PUBLICATION, DISTRIBUTION, ETC.
Date of publication, distribution, etc. 2000
490 ## - SERIES STATEMENT
Series statement Town & Country Planning
Volume/sequential designation 69(10) October 2000, 284-285(2)
520 ## - SUMMARY, ETC.
Summary, etc. Examines the implications of the Human Rights Act 1998 on the planning system. Highlights the relevance of Article 6, Article 8 and the First Protocol, Article 1, in terms of planning enforcement, planning applications and development plans. Uses case law to illustrate key points. Concludes that Article 6 is likely to be the biggest challenge facing local and national governments.
590 ## - LOCAL NOTE (RLIN)
Local note ABS
650 ## - SUBJECT ADDED ENTRY--TOPICAL TERM
Topical term or geographic name entry element HUMAN RIGHTS ACT 1998
650 ## - SUBJECT ADDED ENTRY--TOPICAL TERM
Topical term or geographic name entry element PLANNING APPLICATIONS
650 ## - SUBJECT ADDED ENTRY--TOPICAL TERM
Topical term or geographic name entry element PLANNING ENFORCEMENT
650 ## - SUBJECT ADDED ENTRY--TOPICAL TERM
Topical term or geographic name entry element DEVELOPMENT PLANS
690 ## - LOCAL SUBJECT ADDED ENTRY--TOPICAL TERM (OCLC, RLIN)
Topical term or geographic name as entry element ENVIRONMENTAL AND LAND CONSULTANCY-PLANNING AND DEVELOPMENT
942 ## - ADDED ENTRY ELEMENTS (KOHA)
Suppress in OPAC 0
Holdings
Withdrawn status Lost status Source of classification or shelving scheme Damaged status Not for loan Home library Current library Shelving location Date acquired Total Checkouts Full call number Barcode Date last seen Copy number Price effective from Koha item type
    Dewey Decimal Classification     London London Journal article 13/11/2000   ABS63211 109308-1001 06/08/2019 1 06/08/2019 Journal article